000 00446nam a2200181Ia 4500
001 23437
005 20260414150937.0
008 260414t2014||||xx |||||||||||||| ||spa||
041 _aESP
082 _a650.01513
_bCH248
100 _aChu Rubio, Manuel
_eAUT
245 0 _aMatemática para las decisiones financieras
_b
260 _c2014
300 _a276 páginas :
_c24 cm.
650 _aGEN
654 _aCCO
942 _cLIB
_dJUS
_fJUS
_2ddc
_n
999 _c23437
_d23437